=LDR 00000nam 2200000 4500 =001 INLIS000000000004586 =005 20130612092844 =008 ***********************************Ind** =035 ##$$0010-061300000004586 =041 ##$$a Ind =082 ##$$a 372.1 =090 ##$$a 372.1, Kus k =245 ##$$a Kusuma bangsa : Kumpulan soal jawab untuk berbagai masalah dan pengembangan siswa. -- =260 ##$$a 1996 $b Jakarta : PT Aji Putra Mitra Panutan =300 ##$$a ... Jil. : ilus. ; 29 cm =650 ##$$a Pendidikan Dasar - Soal-soal Umum =850 ##$$a NBPNMAT